Effect of Energy Deposition on High-Voltage Electropulse Drilling Efficiency in Granite; Journal of Mining Science; Vol. 53, iss. 3
| Parent link: | Journal of Mining Science Vol. 53, iss. 3.— 2017.— [P. 469–472] |
|---|---|
| Autor corporatiu: | , |
| Altres autors: | , , , , |
| Sumari: | Title screen The study shows that in electropulse drilling, an increment in energy deposition into the discharge channel results in the linear increase in the drilling rate that grows with the spacing of electrodes. The energy consumption due to energy deposition undergoes a minimal change, while the size of cuttings is conditioned by the energy deposition and spacing of electrodes. Режим доступа: по договору с организацией-держателем ресурса |
| Idioma: | anglès |
| Publicat: |
2017
|
| Matèries: | |
| Accés en línia: | https://doi.org/10.1134/S1062739117032368 |
| Format: | MixedMaterials Electrònic Capítol de llibre |
| KOHA link: | https://koha.lib.tpu.ru/cgi-bin/koha/opac-detail.pl?biblionumber=665829 |
MARC
| LEADER | 00000naa0a2200000 4500 | ||
|---|---|---|---|
| 001 | 665829 | ||
| 005 | 20250211135221.0 | ||
| 035 | |a (RuTPU)RU\TPU\network\37033 | ||
| 035 | |a RU\TPU\network\24262 | ||
| 090 | |a 665829 | ||
| 100 | |a 20211117d2017 k||y0rusy50 ba | ||
| 101 | 0 | |a eng | |
| 102 | |a US | ||
| 135 | |a drgn ---uucaa | ||
| 181 | 0 | |a i | |
| 182 | 0 | |a b | |
| 200 | 1 | |a Effect of Energy Deposition on High-Voltage Electropulse Drilling Efficiency in Granite |f V. F. Vazhov, M. Yu. Zhurkov, S. Yu. Datskevich [et al.] | |
| 203 | |a Text |c electronic | ||
| 300 | |a Title screen | ||
| 320 | |a [References: 11 tit.] | ||
| 330 | |a The study shows that in electropulse drilling, an increment in energy deposition into the discharge channel results in the linear increase in the drilling rate that grows with the spacing of electrodes. The energy consumption due to energy deposition undergoes a minimal change, while the size of cuttings is conditioned by the energy deposition and spacing of electrodes. | ||
| 333 | |a Режим доступа: по договору с организацией-держателем ресурса | ||
| 461 | |t Journal of Mining Science | ||
| 463 | |t Vol. 53, iss. 3 |v [P. 469–472] |d 2017 | ||
| 610 | 1 | |a электронный ресурс | |
| 610 | 1 | |a труды учёных ТПУ | |
| 610 | 1 | |a electropulse drilling | |
| 610 | 1 | |a granite | |
| 610 | 1 | |a energy deposition | |
| 610 | 1 | |a energy consumption | |
| 610 | 1 | |a washing | |
| 610 | 1 | |a cuttings | |
| 610 | 1 | |a электроимпульсное бурение | |
| 610 | 1 | |a граниты | |
| 610 | 1 | |a энергия | |
| 610 | 1 | |a потребление | |
| 610 | 1 | |a шлам | |
| 701 | 1 | |a Vazhov |b V. F. |c specialist in the field of power engineering |c Professor of Tomsk Polytechnic University, Doctor of Sciences |f 1939- |g Vladislav Fedorovich |3 (RuTPU)RU\TPU\pers\32301 | |
| 701 | 1 | |a Zhurkov |b M. Yu. |c electrophysicist |c Research scientist of Tomsk Polytechnic University |f 1978- |g Mikhail Yurievich |3 (RuTPU)RU\TPU\pers\32302 | |
| 701 | 1 | |a Datskevich |b S. Yu. |c electrophysicist |c Associate Scientist of Tomsk Polytechnic University |f 1981- |g Sergey Yurievich |3 (RuTPU)RU\TPU\pers\32303 |9 16279 | |
| 701 | 1 | |a Muratov |b V. M. |g Vasily Mikhaylovich | |
| 701 | 1 | |a Rodland |b A. |g Arild | |
| 712 | 0 | 2 | |a Национальный исследовательский Томский политехнический университет |b Инженерная школа энергетики |b Отделение электроэнергетики и электротехники |3 (RuTPU)RU\TPU\col\23505 |
| 712 | 0 | 2 | |a Национальный исследовательский Томский политехнический университет |b Инженерная школа новых производственных технологий |b Научно-производственная лаборатория "Импульсно-пучковых, электроразрядных и плазменных технологий" |3 (RuTPU)RU\TPU\col\23502 |
| 801 | 2 | |a RU |b 63413507 |c 20211117 |g RCR | |
| 856 | 4 | |u https://doi.org/10.1134/S1062739117032368 | |
| 942 | |c CF | ||